Murs, enceintes et murailles célèbres par images - Statistiques

Statistiques générales
  • Ce quiz a été pris 54 fois
  • Le résultat moyen est 8 sur 16
Statistiques - réponses
Par images Hint Réponse % Correct
Allemagne Mur de Berlin
100%
Chine Grande Muraille
98%
Israël/Palestine Mur des Lamentations
91%
Concept d'aviation Mur du son
87%
Australie Grande Barrière de corail
81%
Mythologie grecque Le Labyrinthe
72%
Royaume-Uni Mur d'Hadrien
64%
Le Mur (donnez l'œuvre) Game of Thrones
51%
France Ligne Maginot
45%
Amérique du Nord Barrière États-Unis-Mexique
38%
L'Attaque des Titans Mur Maria
38%
Europe Rideau de fer
17%
Turquie Murailles de Troie
13%
Grèce Mur cyclopéen de Mycènes
11%
République Tchèque Mur Lennon
8%
Allemagne Ligne Siegfried
6%
Aucun quiz correspondant
Distribution des résultats
% des personnes avec chaque résultat
Percentile par nombre de réponses
Votre historique - résultats
Vous n’avez pas pris ce quiz